• 首页
  • 本馆介绍
  • 公告通知
  • 最新文献
  • 馆藏检索
  • 电子资源
  • 读者导购
  • 参考咨询
  • 我的图书馆
  • 登录
  • 详细信息显示
  • 放入我的书架
  • 预约/预借图书
  • 作者相关作品
  • 分类相关作品
  • 丛书相关作品
  • 出版社相关作品

书目信息

  • 表格格式
  • 工作单格式
  • 卡片格式
题名:
新兴车联网的安全与隐私保护技术
    
 
作者: 崔杰 编著
分册:  
出版信息: 北京   科学出版社  2022
页数: 179页
开本: 24cm
丛书名:
单 册:
中图分类: U469-39 , U469
科图分类:
主题词: 互联网络--应用--汽车 , 智能技术--应用--汽车
电子资源:
ISBN: 978-7-03-071427-5
000 00777nam0 2200241 450
001 2271535316
005 20221008195245.47
010    @a978-7-03-071427-5@dCNY99.00
100    @a20220531d2022 em y0chiy50 ea
101 0  @achi
102    @aCN@b110000
105    @aa z 000yy
200 1  @a新兴车联网的安全与隐私保护技术@9xin xing che lian wang de an quan yu yin si bao hu ji shu@f崔杰[等]编著
210    @a北京@c科学出版社@d2022
215    @a179页@c图@d24cm
330    @a本书从车联网的安全与隐私保护需求出发,介绍了新兴车联网的安全通信与隐私保护技术研究领域。
606 0  @a互联网络@x应用@x汽车
606 0  @a智能技术@x应用@x汽车
690    @aU469-39@v5
690    @aU469@v4
701  0 @a崔杰@9cui jie@4编著
801  0 @aCN@b91MARC@c20220712
905    @aZUCC@dU469@e6
    
    新兴车联网的安全与隐私保护技术/崔杰[等]编著.-北京:科学出版社,2022
    179页:图;24cm
    
    
    ISBN 978-7-03-071427-5:CNY99.00
    本书从车联网的安全与隐私保护需求出发,介绍了新兴车联网的安全通信与隐私保护技术研究领域。
●
相关链接 在五车中查询图书 在当当中查询图书 在豆瓣中查询图书


正题名:新兴车联网的安全与隐私保护技术     索取号:U469/6         预约/预借

序号 登录号 条形码 馆藏地/架位号 状态 备注
1 2000913364   2000913364   第三书库/ [索取号:U469/6] 在馆    
2 2000913365   2000913365   第三书库/ [索取号:U469/6] 在馆    
3 2000913366   2000913366   第三书库/ [索取号:U469/6] 在馆    
山东省滨州职业学院图书馆 欢迎您!
大连网信软件有限公司© 版权所有